000 01147nam a2200253 4500
001 136462
003 ES-MaACL
005 20251015185549.0
007 t|
008 070214s1950 ag r ||||1| spa d
100 1 _aRussell, Bertrand,
_d1872-1970
_9101033
245 1 0 _aAnálisis del espíritu /
_cBertrand Russell ; [versión castellana de la quinta edición inglesa, Eduardo Prieto].
260 _aBuenos Aires :
_bPaidos,
_c1950.
300 _a283 p. ;
_c24 cm.
490 1 _aTemas del Siglo XX ;
_v1
650 7 _aPsicología
_2embne
_916540
700 1 _aPrieto, Eduardo J.,
_d1916-
_993878
830 0 _aTemas del Siglo XX ;
_v1
_9233396
852 _aES-MaACL
_jD-6511
_bR.30960
_bR.M.6102
_9141395
_cSVI
_fSello en tinta azul de la Biblioteca del Ateneo de Madrid.
_gAnotación manuscrita a lápiz en cuberta: "3".
_gAnotación manuscrita a lápiz en hoja de guarda posterior: "100".
_qEl libro tiene el lomo dañado.
_z"15.JUN.1951".
942 _2udc
_cMONOGRAFIA
999 _c136462
_d136462